|
|
|
|
| LEADER |
00000nab a2200000 a 4500 |
| 001 |
vtls000786000 |
| 003 |
SK-MaSNL |
| 005 |
20260303185056.0 |
| 008 |
140423c2001 xo 0 slo |
| 015 |
|
|
|a SNBRB2002/03-08724
|
| 035 |
|
|
|a CLN000137657
|
| 040 |
|
|
|a SNKBUCL
|b slo
|c SNKBUCL
|e AACR2
|
| 041 |
0 |
|
|a slo
|
| 044 |
|
|
|a xo
|c SK
|
| 080 |
|
|
|a 82.09:885.4-1(048)
|2 1997
|
| 080 |
|
|
|a 885.4-1(048)
|2 1997
|
| 100 |
1 |
|
|a Červeňák, Andrej,
|d 1932-2012
|4 aut
|9 153402
|
| 245 |
1 |
0 |
|a Domov ako duchovný ozón
|c Andrej Červeňák
|
| 650 |
0 |
7 |
|a lyrické básne, slovenské
|x recenzie
|2 snkbucl
|9 28921
|
| 650 |
0 |
7 |
|a meditatívne básne, slovenské
|x recenzie
|2 snkbucl
|9 70082
|
| 655 |
|
7 |
|a články z novín a časopisov
|2 snkbucl
|9 267496
|
| 773 |
0 |
|
|t Literárny týždenník
|g Roč. 14, č. 38 (2001), s. 10
|x 0862-5999
|
| 787 |
0 |
8 |
|i Rec.:
|a Stanislav, Pavol, 1943-
|t Požehnaný domov
|d Bratislava : Vydavateľstvo Spolku slovenských spisovateľov, c2001
|z 8080611262
|
| 850 |
|
|
|a Slovenská národná knižnica v Martine
|
| 852 |
|
|
|a SNK
|b KIS3GCP
|
| 958 |
|
|
|a LX
|
| 958 |
|
|
|a SK
|
| 958 |
|
|
|a RC
|
| 992 |
|
|
|a RBX
|
| 999 |
|
|
|c 2129595
|d 2131525
|